[Event "Michigan Open"]
[Site "Lansing, MI"]
[Date "2002.09.01"]
[Round "5.1"]
[White "Hahn, David"]
[Black "Florean, Andrei"]
[Result "1/2-1/2"]
[WhiteElo "2145"]
[BlackElo "2430"]
[Annotator "David Hahn"]
[PlyCount "55"]
[EventDate "2002.08.30"]

{Modern Benoni: King's Pawn At this point, my opponent and I were leading the
event with a 4-0 score.} 1. c4 d6 2. d4 Nf6 3. Nc3 g6 4. e4 Bg7 5. f3 {This
move characterizes the Samisch Variation of the King's Indian.} O-O 6. Bg5 c5
7. d5 e6 8. Qd2 exd5 9. cxd5 Re8 10. Nge2 a6 11. a4 Nbd7 12. Ng3 Qe7 $5 ({It
is more common to play on the queen-side with} 12... Qa5 {or}) (12... Qc7) 13.
Be2 Qf8 14. O-O h6 15. Be3 h5 16. Nh1 ({An interesting over the board
innovation. It may improve on the known line:} 16. Rab1 Nh7 17. Nh1 f5 18. Nf2
Qe7 19. b4 b6 20. bxc5 bxc5 $13 {Grunberg-Kaiser, 1985}) 16... Nh7 17. Nf2 f5
18. exf5 (18. Rab1 {would transpose into Grunberg-Kaiser, but this looks
better.}) 18... gxf5 19. Rae1 (19. -- {Black was threatening} Bxc3 20. -- {and}
Qe7) 19... Ne5 20. Kh1 $1 {Killing all threats along the a7-g1 diagonal.} Bd7
21. Nh3 {White is a little better because Black has weakened king-side squares
(f4, g5).} Qf7 22. Bh6 $5 (22. g4 {is interesting.}) 22... Qg6 23. Bxg7 Qxg7
24. a5 {Fixes Black's queen-side.} Re7 {Now White can initiate favorable
exchanges.} 25. f4 Ng4 26. Bxg4 hxg4 27. Rxe7 Qxe7 28. Re1 {White's ending is
still better, but I was down to little time and playing an IM rated over 300
points higher, so 1/2 was okay.} 1/2-1/2

[Event "Michigan Open Reserve"]
[Site "Lansing, MI"]
[Date "2002.09.01"]
[Round "5.30"]
[White "Guilfoyle, Jeff"]
[Black "Hill, Michael"]
[Result "1-0"]
[WhiteElo "1353"]
[BlackElo "1386"]
[PlyCount "89"]
[EventDate "2002.08.30"]

1. d4 Nf6 2. c4 g6 3. Nc3 d5 4. cxd5 Nxd5 5. e4 Nxc3 6. bxc3 Bg7 7. Nf3 c5 8.
Be3 Nc6 9. Qd2 Qa5 10. e5 Bg4 11. Be2 Bxf3 12. Bxf3 Rd8 13. Bxc6+ bxc6 14. f4
cxd4 15. cxd4 Qxd2+ 16. Kxd2 c5 17. Kc3 cxd4+ 18. Bxd4 Rd7 19. Rhd1 O-O 20. Be3
Rc8+ 21. Kb4 Rb7+ 22. Ka5 e6 23. g3 Bf8 24. Rdc1 Rbc7 25. Rxc7 Rxc7 26. Rc1
Rxc1 27. Bxc1 Bc5 28. Ka6 Kf8 29. Kb5 Bb6 30. Ba3+ Ke8 31. Bc5 Bxc5 32. Kxc5
Kd7 33. Kb5 Kc7 34. Kc5 a6 35. h4 h6 36. g4 a5 37. Kb5 a4 38. Kxa4 Kc6 39. Kb4
Kd5 40. a4 Kc6 41. a5 h5 42. g5 Kb7 43. Kc5 Ka6 44. Kd6 Kxa5 45. Ke7 1-0

[Event "Michigan Open Reserve"]
[Site "Lansing, MI"]
[Date "2002.09.01"]
[Round "5.13"]
[White "Grzegorczyk, Ron"]
[Black "Watkins, Matthew"]
[Result "1-0"]
[WhiteElo "1578"]
[BlackElo "1438"]
[PlyCount "67"]
[EventDate "2002.08.30"]

1. e4 d6 2. d4 Nf6 3. Nc3 g6 4. Nf3 Bg7 5. Be3 O-O 6. Be2 Nbd7 7. O-O a6 8. Qd2
b5 9. b4 Bb7 10. Bd3 Ng4 11. h3 Nxe3 12. fxe3 c5 13. bxc5 dxc5 14. Rab1 c4 15.
Bxc4 bxc4 16. Rxb7 Nf6 17. Rfb1 e6 18. Qf2 Qa5 19. R1b4 Rfc8 20. Ne5 Qa3 21.
Qe1 Ne8 22. Nxc4 Rxc4 23. Rxc4 Nd6 24. Ra4 Qxa4 25. Nxa4 Nxb7 26. Qb4 Nd8 27.
c4 a5 28. Qb5 h5 29. c5 f5 30. exf5 g5 31. Qe8+ Bf8 32. Qg6+ Bg7 33. f6 Ra7 34.
Qxg5 1-0

[Event "Michigan Open Reserve"]
[Site "Lansing, MI"]
[Date "2002.09.01"]
[Round "4.15"]
[White "Griffin, John"]
[Black "Grzegorczyk, Ron"]
[Result "0-1"]
[WhiteElo "1500"]
[BlackElo "1578"]
[PlyCount "120"]
[EventDate "2002.08.30"]

1. d4 d5 2. c4 c6 3. Nf3 Nf6 4. e3 e6 5. Nc3 g6 6. Be2 Bg7 7. O-O O-O 8. cxd5
exd5 9. b3 Nbd7 10. Ba3 Re8 11. Rc1 Ne4 12. Bd3 Ndf6 13. Nd2 Nxf2 14. Rxf2 Ng4
15. Re2 Nxe3 16. Qe1 Bxd4 17. Kh1 Bg4 18. Nf3 Bxf3 19. gxf3 Qf6 20. f4 Qxf4 21.
Qg3 Qxg3 22. hxg3 Ng4 23. Kg2 Rxe2+ 24. Nxe2 Bg7 25. Bc5 Ne5 26. Bb1 b6 27. Bg1
c5 28. Nc3 d4 29. Nd5 Rd8 30. Nf4 d3 31. Rd1 d2 32. Be3 Ng4 33. Kf3 Nxe3 34.
Kxe3 Bd4+ 35. Ke2 Bc3 36. Ng2 b5 37. Bd3 a6 38. Ne3 Re8 39. Rxd2 Bd4 40. Kf1
Rxe3 41. g4 Rg3 42. a4 bxa4 43. bxa4 a5 44. Bb5 Rxg4 45. Rd3 h5 46. Rf3 f6 47.
Bd7 Re4 48. Rb3 Re7 49. Bc6 Kg7 50. Rb5 Rc7 51. Bd5 Bc3 52. Rb8 Kh6 53. Kg2 Kg5
54. Kf3 Bb4 55. Re8 c4 56. Re2 c3 57. Rg2+ Kh6 58. Be4 g5 59. Bf5 Rc4 60. Bc2
Rd4 0-1

[Event "Michigan Open Reserve"]
[Site "Lansing, MI"]
[Date "2002.09.01"]
[Round "5.9"]
[White "Gregory, Kevin"]
[Black "Schell, Ken"]
[Result "1-0"]
[WhiteElo "1770"]
[BlackElo "1500"]
[PlyCount "103"]
[EventDate "2002.08.30"]

1. d4 d5 2. Nf3 Nf6 3. Bf4 Bf5 4. e3 e6 5. c3 c6 6. Qb3 Qb6 7. Nbd2 Nbd7 8. h3
h6 9. Be2 Be7 10. O-O O-O 11. Ne5 Ne4 12. Nxd7 Nxd2 13. Qxb6 axb6 14. Rfd1 Ne4
15. Nxf8 Kxf8 16. Bd3 b5 17. g4 Bh7 18. f3 Nf6 19. Bxh7 Nxh7 20. a3 Bh4 21. Kg2
Nf6 22. Ra2 Nd7 23. Rda1 Nb6 24. b3 Bd8 25. Bd6+ Ke8 26. Kf2 Nc8 27. Bb4 Be7
28. Bxe7 Kxe7 29. a4 Nd6 30. Ke2 Kd7 31. Kd3 Kc7 32. axb5 Rxa2 33. Rxa2 cxb5
34. Ra8 Kd7 35. e4 f6 36. e5 fxe5 37. dxe5 Nc8 38. Kd4 b6 39. f4 g6 40. f5 exf5
41. gxf5 gxf5 42. e6+ Kc7 43. Kxd5 Ne7+ 44. Ke5 f4 45. Ra7+ Kd8 46. Kxf4 Nd5+
47. Kf5 Ke8 48. Rh7 Ne7+ 49. Ke5 Ng8 50. Rh8 Kf8 51. e7+ Kf7 52. Rxg8 1-0

[Event "Michigan Open Booster"]
[Site "Lansing, MI"]
[Date "2002.09.01"]
[Round "5.4"]
[White "Gregg, Ted"]
[Black "Aguilar, Javier"]
[Result "0-1"]
[WhiteElo "1230"]
[BlackElo "1213"]
[PlyCount "100"]
[EventDate "2002.08.30"]

1. f4 b6 2. e4 Bb7 3. d3 g6 4. Nf3 Bg7 5. Be2 d6 6. O-O e6 7. Nc3 Nc6 8. Be3
Nf6 9. Nd4 Nxd4 10. Bxd4 O-O 11. Bf3 Ne8 12. e5 Bxf3 13. Qxf3 dxe5 14. Bxe5
Bxe5 15. fxe5 Ng7 16. Kh1 Nf5 17. Ne4 Kg7 18. c3 c5 19. Rad1 Nh4 20. Qf6+ Qxf6
21. Rxf6 Nf5 22. Rf1 Rad8 23. Rf3 Rd5 24. g4 Nh6 25. R6f4 Rxe5 26. h4 f5 27.
Ng5 Re1+ 28. Kg2 Nxg4 29. Ra4 Ra8 30. Kg3 h6 31. Nh3 Re2 32. b4 cxb4 33. cxb4
Re3 34. Rxe3 Nxe3 35. Kf4 Nd5+ 36. Ke5 Kf7 37. d4 a5 38. bxa5 Rxa5 39. Rxa5
bxa5 40. a3 a4 41. Kd6 Ke8 42. Kxe6 Nb6 43. Nf4 g5 44. hxg5 hxg5 45. Nd3 g4 46.
Kxf5 g3 47. Nf4 Nc4 48. Ke6 Nxa3 49. d5 Nb5 50. d6 Nxd6 0-1

[Event "Michigan Open Reserve"]
[Site "Lansing, MI"]
[Date "2002.09.01"]
[Round "5.7"]
[White "Goetz, Robert"]
[Black "Fick II, Douglas"]
[Result "1/2-1/2"]
[WhiteElo "1614"]
[BlackElo "1458"]
[PlyCount "48"]
[EventDate "2002.08.30"]

1. d4 Nf6 2. c4 g6 3. Nc3 Bg7 4. e4 d6 5. Bd3 O-O 6. Nge2 c5 7. d5 e6 8. O-O
exd5 9. exd5 Nbd7 10. Ng3 Ne5 11. Be2 Nfg4 12. Nge4 h6 13. f4 Qh4 14. h3 f5 15.
fxe5 Bxe5 16. Bxg4 fxg4 17. Rxf8+ Kxf8 18. Qf1+ Bf5 19. Bf4 Bd4+ 20. Kh1 gxh3
21. Bg3 hxg2+ 22. Kxg2 Qh3+ 23. Kf3 Qg4+ 24. Kg2 Qh3+ 1/2-1/2

[Event "Michigan Open Reserve"]
[Site "Lansing, MI"]
[Date "2002.09.01"]
[Round "4.11"]
[White "Gattinger, John"]
[Black "Moore, Robert"]
[Result "1/2-1/2"]
[WhiteElo "1488"]
[BlackElo "1609"]
[PlyCount "76"]
[EventDate "2002.08.30"]

1. d4 Nf6 2. c4 d6 3. Nc3 g6 4. e4 Bg7 5. f3 O-O 6. Be3 e5 7. d5 Nh5 8. Nge2 f5
9. Qd2 Nf6 10. O-O-O Na6 11. a3 c5 12. Nb5 Nc7 13. Nxc7 Qxc7 14. Nc3 a6 15. Be2
Bd7 16. h4 Nh5 17. g4 Ng3 18. Rhg1 Nxe2+ 19. Qxe2 f4 20. Bf2 Rab8 21. a4 Qb6
22. Qc2 Qa5 23. Kd2 Qb4 24. b3 b5 25. Kd3 bxc4+ 26. bxc4 Qb2 27. a5 Qxc2+ 28.
Kxc2 Bf6 29. Rb1 Rfc8 30. Rxb8 Rxb8 31. Rb1 Rxb1 32. Nxb1 Bd8 33. Be1 Ba4+ 34.
Kc1 Bd7 35. Kd1 h5 36. g5 Ba4+ 37. Ke2 Bd7 38. Na3 Kf7 1/2-1/2

[Event "Michigan Open"]
[Site "Lansing, MI"]
[Date "2002.09.01"]
[Round "5.13"]
[White "Garrison, Ray"]
[Black "Perkins, Michael"]
[Result "1/2-1/2"]
[WhiteElo "1882"]
[BlackElo "1584"]
[PlyCount "89"]
[EventDate "2002.08.30"]

1. b3 e5 2. Bb2 Nc6 3. e3 Nf6 4. Nf3 e4 5. Nd4 Bc5 6. Nxc6 dxc6 7. Nc3 Bf5 8.
a3 Qe7 9. Qe2 O-O 10. f3 exf3 11. gxf3 Bxc2 12. b4 Bd6 13. d3 Bb3 14. Rg1 g6
15. Kd2 Rfe8 16. Re1 Rad8 17. Qf2 a5 18. Ne4 Nxe4+ 19. fxe4 Be5 20. d4 axb4 21.
axb4 Qxb4+ 22. Bc3 Qa3 23. Ra1 Qe7 24. Bd3 Bg7 25. Rgb1 Qe6 26. Ra3 Bc4 27.
Bxc4 Qxc4 28. Rxb7 Ra8 29. Rba7 Rxa7 30. Rxa7 Qe6 31. Qf4 Rc8 32. Rxc7 Rxc7 33.
Qxc7 h5 34. Kd3 Kh7 35. Qd8 Bf6 36. Qb6 Bg7 37. d5 cxd5 38. Qxe6 fxe6 39. exd5
Bxc3 40. Kxc3 exd5 41. Kd4 Kh6 42. Kxd5 Kg5 43. Kd6 Kf5 44. Kd5 Kf6 45. e4 {
Remainder illegable} 1/2-1/2

[Event "Michigan Open Reserve"]
[Site "Lansing, MI"]
[Date "2002.09.01"]
[Round "5.4"]
[White "Gadson, Joseph"]
[Black "Carr, Jay"]
[Result "1-0"]
[WhiteElo "1768"]
[BlackElo "1600"]
[PlyCount "43"]
[EventDate "2002.08.30"]

1. e4 c5 2. Nf3 Nf6 3. e5 Nd5 4. Nc3 e6 5. Nxd5 exd5 6. d4 d6 7. c3 Nc6 8. Bb5
Bd7 9. Bxc6 Bxc6 10. O-O Qd7 11. exd6 Bxd6 12. Re1+ Kd8 13. dxc5 Bxc5 14. Ne5
Qf5 15. Nxc6+ bxc6 16. Be3 Bd6 17. c4 Kc7 18. Rc1 Kb7 19. Qb3+ Ka6 20. cxd5
Qxd5 21. Qxd5 cxd5 22. Rc6+ 1-0

[Event "Michigan Open"]
[Site "Lansing, MI"]
[Date "2002.09.01"]
[Round "4.6"]
[White "Gabbara, Faris"]
[Black "Williams, Ron"]
[Result "1-0"]
[WhiteElo "2040"]
[BlackElo "1955"]
[PlyCount "117"]
[EventDate "2002.08.30"]

1. d4 Nf6 2. Nf3 d5 3. c4 c6 4. Nc3 g6 5. Bf4 Nh5 6. Be5 f6 7. Bg3 Bh6 8. e3
O-O 9. Qc2 Bf5 10. Qb3 Qd7 11. cxd5 cxd5 12. Qxd5+ Kh8 13. Qxd7 Bxd7 14. Be2
Nc6 15. Nd2 Ng7 16. O-O Nxd4 17. exd4 Bxd2 18. Bf3 Nf5 19. Ne4 Ba5 20. Nc5 Bc8
21. Rfd1 Nxg3 22. hxg3 Rb8 23. a3 Bc7 24. Rac1 Rd8 25. Nxb7 Bxb7 26. Rxc7 Bxf3
27. gxf3 Rxb2 28. Rxe7 a5 29. d5 Rb6 30. Ra7 Rbd6 31. Rxa5 Kg7 32. Kf1 g5 33.
g4 Kg6 34. Ke2 h5 35. gxh5+ Kxh5 36. Ke3 Kg6 37. Kd4 Kf5 38. Rd3 Rc8 39. Rc5
Rcd8 40. a4 Kf4 41. a5 f5 42. Re3 g4 43. fxg4 fxg4 44. Re7 Rf6 45. Re4+ Kf3 46.
Rc3+ Kxf2 47. Rxg4 Rfd6 48. Rf4+ Kg2 49. Rf5 R8d7 50. Ra3 Ra6 51. Kc5 Rdd6 52.
Rf8 Rd7 53. Rb8 Rc7+ 54. Kd4 Rc2 55. Rb6 Ra8 56. a6 Rd2+ 57. Kc5 Rc8+ 58. Rc6
Rc2+ 59. Kd6 1-0

[Event "Michigan Open Reserve"]
[Site "Lansing, MI"]
[Date "2002.09.01"]
[Round "2.42"]
[White "Forshee, Dan"]
[Black "Raban, David"]
[Result "1/2-1/2"]
[WhiteElo "1370"]
[BlackElo "1608"]
[PlyCount "66"]
[EventDate "2002.08.30"]

1. e4 e6 2. d4 d5 3. Nc3 Bb4 4. Bd2 c5 5. exd5 exd5 6. Bb5+ Nc6 7. Bxc6+ bxc6
8. a3 Bxc3 9. Bxc3 cxd4 10. Qxd4 Nf6 11. O-O-O O-O 12. Ne2 Qd6 13. Bb4 Qc7 14.
Bxf8 Kxf8 15. g3 Bg4 16. Qd3 c5 17. f3 Bd7 18. Nf4 c4 19. Qd4 Bc6 20. Rhe1 Qa5
21. g4 Rd8 22. g5 Ne8 23. h4 Nc7 24. h5 Nb5 25. Qe5 Re8 26. Ne6+ Rxe6 27. Qb8+
Re8 28. Rxe8+ Bxe8 29. Qe5 c3 30. bxc3 Qxa3+ 31. Kd2 Qc5 32. h6 Qf2+ 33. Kc1
gxh6 1/2-1/2

[Event "Michigan Open Reserve"]
[Site "Lansing, MI"]
[Date "2002.09.01"]
[Round "5.25"]
[White "Forshee, Dan"]
[Black "Griffin, John"]
[Result "0-1"]
[WhiteElo "1370"]
[BlackElo "1500"]
[PlyCount "122"]
[EventDate "2002.08.30"]

1. Nf3 Nf6 2. c4 c5 3. Nc3 a6 4. g3 d5 5. cxd5 Nxd5 6. d3 Nc6 7. Bg2 Nxc3 8.
bxc3 e5 9. O-O Be7 10. Rb1 O-O 11. Qb3 Qc7 12. Be3 Rb8 13. Nd2 Be6 14. c4 Nd4
15. Bxd4 exd4 16. Rb2 b5 17. Qc2 bxc4 18. dxc4 Rxb2 19. Qxb2 Rb8 20. Qc2 g6 21.
Re1 Rb6 22. e3 dxe3 23. Rxe3 Bf6 24. Nb3 Rd6 25. Bf1 Bf5 26. Qe2 Re6 27. h3 Qd6
28. g4 Rxe3 29. Qxe3 Bd7 30. Qxc5 Qf4 31. Qe3 Qd6 32. c5 Qd5 33. Bg2 Qd1+ 34.
Kh2 Be6 35. c6 Bd8 36. Nc5 Qd6+ 37. f4 Bb6 38. Qe5 Bxc5 39. c7 Qxe5 40. fxe5
Bb6 41. Bb7 Bxc7 42. Bxa6 Bxe5+ 43. Kg2 f5 44. Bd3 Bd5+ 45. Kf2 f4 46. Bc2 g5
47. Bd3 Kg7 48. Kf1 h6 49. Kf2 Kf6 50. Bf1 Bd4+ 51. Ke1 Ke5 52. Kd2 f3 53. Kd3
Be4+ 54. Kc4 Ba7 55. Kc3 Kf4 56. Kd2 Bb7 57. Kd1 Kg3 58. Ke1 Bb6 59. Kd2 f2 60.
Kd1 Bg2 61. Ke2 Kxh3 0-1

[Event "Michigan Open Reserve"]
[Site "Lansing, MI"]
[Date "2002.09.01"]
[Round "1.44"]
[White "Forshee, Dan"]
[Black "Aldrich, Justin"]
[Result "1-0"]
[WhiteElo "1370"]
[BlackElo "1610"]
[PlyCount "53"]
[EventDate "2002.08.30"]

1. e4 e5 2. Nf3 Nc6 3. d4 exd4 4. Nxd4 Nxd4 5. Qxd4 d6 6. Be2 Nf6 7. Nc3 Be7 8.
O-O Bd7 9. f4 h6 10. Kh1 O-O 11. g4 Bxg4 12. Bxg4 Nxg4 13. Rg1 Qd7 14. f5 c5
15. Qd2 Bg5 16. Qg2 Ne5 17. Bxg5 hxg5 18. Qxg5 f6 19. Qh5 Qf7 20. Rg6 Rfe8 21.
Rag1 Nxg6 22. fxg6 Qd7 23. Nd5 Qe6 24. Qh7+ Kf8 25. Qh8+ Qg8 26. Qxg8+ Kxg8 27.
Nc7 {Time} 1-0

[Event "Michigan Open"]
[Site "Lansing, MI"]
[Date "2002.09.01"]
[Round "4.41"]
[White "Florean, Andrei"]
[Black "Garrison, Ray"]
[Result "1-0"]
[WhiteElo "2430"]
[BlackElo "1882"]
[PlyCount "24"]
[EventDate "2002.08.30"]

1. e4 e6 2. d3 d5 3. Nd2 c5 4. Ngf3 Nc6 5. g3 Bd6 6. Bg2 Bd7 7. O-O Rc8 8. Re1
Nge7 9. h4 b5 10. c3 c4 11. exd5 exd5 12. dxc4 bxc4 {Remainder unavailable} 1-0

[Event "Michigan Open"]
[Site "Lansing, MI"]
[Date "2002.09.01"]
[Round "5.2"]
[White "Fischvogt, Eric"]
[Black "Whitten, Jason"]
[Result "1-0"]
[WhiteElo "2258"]
[BlackElo "2169"]
[PlyCount "73"]
[EventDate "2002.08.30"]

{Queen's Pawn} 1. d4 Nf6 2. Bg5 d5 3. Bxf6 gxf6 4. e3 Bg7 5. c4 dxc4 6. Bxc4
O-O 7. Ne2 c5 8. O-O cxd4 9. exd4 Nc6 10. Qd2 Qd6 11. Nbc3 f5 12. Rad1 Rd8 13.
Qg5 Qg6 14. Qe3 Bh6 15. f4 Kf8 16. a3 Bg7 17. b4 Qd6 18. Nb5 Qd7 19. d5 a6 20.
dxc6 Qxd1 21. Rxd1 Rxd1+ 22. Kf2 axb5 23. Bxb5 Rd6 24. c7 b6 25. Qc1 Ra7 26. a4
e5 27. a5 exf4 28. axb6 Ra2 29. b7 Bd4+ 30. Kf1 Bxb7 31. c8=Q+ Bxc8 32. Qxc8+
Kg7 33. Nxd4 Rxd4 34. Qc3 Rad2 35. Ke1 Rd1+ 36. Ke2 Kg6 37. Ba4 1-0

[Event "Michigan Open Reserve"]
[Site "Lansing, MI"]
[Date "2002.09.01"]
[Round "4.5"]
[White "Fick II, Douglas"]
[Black "Gregory, Kevin"]
[Result "1/2-1/2"]
[WhiteElo "1458"]
[BlackElo "1770"]
[PlyCount "64"]
[EventDate "2002.08.30"]

1. e4 c5 2. Nf3 d6 3. d4 cxd4 4. Nxd4 Nf6 5. Nc3 g6 6. Be3 Bg7 7. Qd2 O-O 8. f3
Bd7 9. Bc4 Nc6 10. O-O-O Ne5 11. Bb3 Qa5 12. h4 h5 13. Kb1 Rfc8 14. Bg5 Nc4 15.
Bxc4 Rxc4 16. Nb3 Qa6 17. Bxf6 Bxf6 18. Nd5 Bg7 19. Nxe7+ Kf8 20. Nd5 Be6 21.
Qa5 Qc6 22. Qd2 Bxd5 23. exd5 Qa4 24. Qa5 Rxh4 25. Qc7 Rxh1 26. Qxd6+ Kg8 27.
Rxh1 Qe8 28. Qg3 Qb5 29. Rd1 a5 30. c3 a4 31. Nd4 Qxd5 32. Qf2 a3 1/2-1/2

[Event "Michigan Open"]
[Site "Lansing, MI"]
[Date "2002.09.01"]
[Round "5.9"]
[White "Everett, Morgan"]
[Black "Bolda, Dan H"]
[Result "1-0"]
[WhiteElo "2077"]
[BlackElo "1795"]
[PlyCount "57"]
[EventDate "2002.08.30"]

1. e4 c6 2. d3 d5 3. Nd2 dxe4 4. dxe4 e5 5. Ngf3 Bg4 6. Bc4 Bxf3 7. Qxf3 Qc7 8.
O-O Nf6 9. Re1 Nbd7 10. a4 a5 11. b3 Nb6 12. Bf1 O-O-O 13. Nc4 Nxc4 14. Bxc4 h6
15. Bb2 Bd6 16. Red1 Qe7 17. Qf5+ Kb8 18. Rxd6 Rxd6 19. Bxe5 b6 20. Bxd6+ Qxd6
21. e5 Qd4 22. Rf1 Ng4 23. e6 fxe6 24. Qxe6 Rf8 25. c3 Qf4 26. g3 Qf5 27. Qxf5
Rxf5 28. Be6 Rg5 29. h4 1-0

[Event "Michigan Open Booster"]
[Site "Lansing, MI"]
[Date "2002.09.01"]
[Round "5.9"]
[White "Droge-Germain, Kurtis"]
[Black "Carter, Ashley"]
[Result "1-0"]
[WhiteElo "1168"]
[BlackElo "886"]
[Annotator "Tim McGrew"]
[PlyCount "53"]
[EventDate "2002.08.30"]

{Sicilian: Closed} 1. e4 c5 {The great mystery: why do non-masters play the
Sicilian? Like a flashy sports car, it is a high-performance opening with a
tendency to skid out of control.} 2. Nc3 {Why not? Too many people turn the
Sicilian into a memory contest. With the Closed variation, White steers the
game into channels where positional understanding is at least as important as
memorized tactical sequences.} d6 3. g3 e5 4. Bg2 Nf6 {Not a bad move, but it
is probably better to put this knight on e7 and the other on c6. Black can
then fianchetto her dark-square bishop.} 5. d3 Be7 6. f4 exf4 7. Bxf4 Nc6 8.
Nf3 b6 $2 {A tactical error, though one buried deep. Black leaves the knight
at c6 without defense and exposes the undefended rook on a8. The important
thing is to look through intervening pieces and see White's bishop on g2 as a
very real danger to anything undefended on the long diagonal.} 9. e5 $1 {
Outstanding play! White opens the long diagonal without any delay.} dxe5 10.
Nxe5 Bd7 $2 {The second mistake is the fatal one: Black miscounts captures on
c6 and loses a full rook.} ({It was necessary to try} 10... Nxe5 11. Bxa8 $4
Bg4 $1 12. Qd2 Qxa8 {and White has no time for} 13. Bxe5 {because} Qxh1+ {wins
both rooks.}) (10... Nxe5 {Of course, White should be more modest and settle
for} 11. Bxe5 {but then after} Bd7 12. Bxa8 Qxa8 {Black has suffered only the
loss of the exchange -- regrettable, but not the end of the game.}) 11. Nxc6
Bxc6 12. Bxc6+ Nd7 13. Bxa8 Qxa8 14. Rf1 O-O 15. Qe2 Re8 16. O-O-O Bf6 17. Ne4
h6 {Good moves are hard to find in bad positions. White will exploit this
weakening of the king-side.} 18. Qg4 $1 {Striking at d7 and simultaneously
pinning the Black g-pawn.} Qc6 19. Bxh6 Kf8 ({Unfortunately for Black,} 19...
Bxb2+ 20. Kxb2 Qxh6 {allows} 21. Qxd7) 20. Nxf6 Nxf6 21. Bxg7+ {Now the
king-side comes apart and the end is near.} Ke7 22. Bxf6+ Kd6 23. d4 Kc7 24.
dxc5 Qxc5 25. Qd7+ Kb8 26. Qxe8+ Kb7 27. Rd7+ {Very impressive tactical play
by White.} 1-0

[Event "Michigan Open"]
[Site "Lansing, MI"]
[Date "2002.09.01"]
[Round "5.8"]
[White "Dodaj, Gjergj"]
[Black "Czuhai, Kevin"]
[Result "0-1"]
[WhiteElo "1942"]
[BlackElo "2204"]
[PlyCount "62"]
[EventDate "2002.08.30"]

{Sicilian: Yugoslav Dragon} 1. e4 c5 2. Nf3 d6 3. d4 cxd4 4. Nxd4 Nf6 5. Nc3 g6
6. Be3 Bg7 7. f3 Nc6 8. Qd2 O-O 9. Bc4 Bd7 10. O-O-O Rc8 11. Bb3 Ne5 12. Kb1
Nc4 13. Bxc4 Rxc4 14. g4 b5 15. h4 b4 16. Nd5 e6 17. Nxf6+ Qxf6 18. g5 Qe5 19.
Qd3 Rfc8 20. f4 Qa5 21. e5 dxe5 22. Nb3 Qd5 23. Qxd5 exd5 24. fxe5 Bf5 25. Nd4
Be4 26. Rhf1 Bxe5 27. Rd2 Bxd4 28. Rxd4 Rxc2 29. Ka1 a5 30. Rdd1 a4 31. b3 axb3
0-1

[Event "Michigan Open"]
[Site "Lansing, MI"]
[Date "2002.09.01"]
[Round "3.44"]
[White "Decker, Dale"]
[Black "Thomas, Henry"]
[Result "1-0"]
[WhiteElo "1832"]
[BlackElo "1774"]
[Annotator "Tim McGrew"]
[PlyCount "39"]
[EventDate "2002.08.30"]

{Petrov: Cochrane} 1. e4 e5 2. Nf3 Nf6 3. Nxe5 d6 4. Nxf7 $5 {The Cochrane
Gambit is an excellent practical tournament weapon for club players. Chris
Baker features it in A Startling Chess Opening Repertoire, which is one of the
better repertoire books around (though perhaps the publisher should have
warned prospective buyers that Baker is offering a repertoire only for White!).
} Kxf7 5. Bc4+ $6 ({But this move is frowned upon because of Black's response.
The right way to play the Cochrane is} 5. d4 $1 {building a big center. White
need not fear} Nxe4 {because he can hit back with} 6. Qh5+ g6 (6... Kg8 $4 7.
Qd5+ {mates}) (6... Ke7 7. Qe2 $1 {is painful.}) 7. Qd5+ {and White emerges a
pawn ahead.}) 5... d5 $1 6. exd5 Bd6 {Blockading the pawn. Black is better now,
but as the sequel shows the game is not over.} 7. d4 Re8+ 8. Be3 Bg4 9. Be2
Bxe2 10. Qxe2 Bf4 11. Nc3 g6 $6 {Getting the king out of the center should be
a priority. I do not see how this move, weakening the king-side pawns, is
supposed to help.} 12. O-O-O Nxd5 $2 {But this is a definite blunder. The
Black knight on d5 is attacked as often as it is defended -- for tactical
purposes, it is more or less as vulnerable as a wholly undefended piece. So is
the bishop on f4.} 13. Qf3 {So White forks them both! Now a piece must drop.}
Rxe3 {This just compounds the problem. Black will still have two pieces
hanging when White recaptures, so Black has just added the exchange (and an
open f-file) to White's list of assets.} 14. fxe3 Nxc3 15. Qxf4+ Kg7 16. Qe5+
Kg8 17. Qe6+ Kg7 18. bxc3 {The optically weak pawns cannot be attacked since
Black has nothing off of his back rank. White wraps up with a couple of
natural moves that underscore Black's inability to do anything effective.} Nd7
19. Rhf1 Nf6 20. e4 1-0

[Event "Michigan Open"]
[Site "Lansing, MI"]
[Date "2002.09.01"]
[Round "5.11"]
[White "Decker, Dale"]
[Black "Jarosz, Stan"]
[Result "0-1"]
[WhiteElo "1832"]
[BlackElo "1964"]
[PlyCount "56"]
[EventDate "2002.08.30"]

1. e4 e6 2. c4 d5 3. cxd5 exd5 4. exd5 Nf6 5. Qa4+ Nbd7 6. Nc3 Be7 7. Nf3 O-O
8. Be2 Nb6 9. Qb3 Nbxd5 10. d4 c6 11. O-O Qb6 12. Qxb6 axb6 13. a3 Nxc3 14.
bxc3 Nd5 15. c4 Nc3 16. Bd3 Bf6 17. Bd2 Na4 18. Rab1 Bg4 19. Be3 Rfd8 20. Bc2
Bxf3 21. gxf3 Bxd4 22. Bxd4 Rxd4 23. Bxa4 Rxa4 24. Rxb6 Rxa3 25. Rxb7 g6 26.
Rc1 Rxf3 27. Kg2 Rff4 28. c5 Rd2 0-1

[Event "Michigan Open"]
[Site "Lansing, MI"]
[Date "2002.09.01"]
[Round "1.41"]
[White "Decker, Dale"]
[Black "Florean, Andrei"]
[Result "0-1"]
[WhiteElo "1832"]
[BlackElo "2430"]
[PlyCount "50"]
[EventDate "2002.08.30"]

1. e4 c5 2. c3 d5 3. exd5 Qxd5 4. d4 e6 5. Nf3 Nf6 6. Bd3 Be7 7. O-O O-O 8. Be3
cxd4 9. cxd4 Nc6 10. Nc3 Qd6 11. h3 a6 12. Rc1 b5 13. a3 Bb7 14. Ne4 Nxe4 15.
Bxe4 f5 16. Bxc6 Bxc6 17. Bg5 Bf6 18. Bxf6 gxf6 19. Re1 Kh8 20. Re3 Rg8 21. Qb3
Bd5 22. Qc3 Rg7 23. Qc5 Qf4 24. Rcc3 Rag8 25. g3 Qh6 0-1